00889nam a2200241 a 4500001000200000003000900002005001700011008004100028020001500069040002500084082002900109100002900138245007900167260005400246300002100300500005700321500007000378504003200448505000600480600008300486630002500569650005300594 DO-SdBNP20210903111540.0091016s2004 dr r 000 d spa d a9993439290 aDO-SdBNPbspacBPMSU aRD862.44bM722e 20042221 aMolinaza, José,d1951-13aEl entremés de Llerena en el teatro hispanoamericano /cJosé Molinaza. aSanto Domingo :bLibrería La Trinitaria,c2004. a126 p. ;c21 cm. aIncluye datos biográficos del autor en las solapas aIncluye referencias bibliográficas y notas al pie de páginas. aBibliografía : p. 117-124 a 14aLlerena de Rueda, Cristóbal de, d1541?-1626xCrítica e interpretación  4a Entremes de Llerena 4aTeatro hispanoamericanoxHistoria y crítica3